000 00603nam a2200193 u 4500
005 20220603063656.0
008 080527s2003 r 000 0 eng d
020 _a0439550297
035 _aUPN01000156392
049 _aI
050 4 _aPZ7
_bW5.4
100 1 _aWood, Douglas
245 1 0 _aLo que los maestros no pueden hacer /
_cDouglas Wood ; il. Doug Cushman ; tr. Susana Pasternac.
260 _aMéxico :
_bScholastic,
_c2003.
300 _a[30] p. :
_bprincipalmente il. col.
534 _pTítulo original:
_tWhat teachers can't do
650 4 _aCuentos infantiles
_96744
905 _aInfantil
999 _c128506
_d128506